000 00417nam a22001577a 4500
005 20260219113638.0
008 260219b |||||||| |||| 00| 0 eng d
020 _a9789389393460
050 _aQL1
_b.Z66
100 _aRATOGI, VEER BALA
245 _aTEXTBOOK OF ZOOLOGYV VETEBRATES
260 _aNEW-DELHI
_bMEDTECH SCIENCE PRESS
_c2022
300 _aXIX, 952p.
_bILLUS
650 _aVERTEBRATE
_vZOOLOGY
942 _cBK
999 _c4555
_d4555